000 01012nam a2200301 i 4500
001 bg
003 BPK
005 20240405063137.0
008 030207s2002 pl a |001 0 pol
015 _aPB 2003/2782
020 _a830113853X
040 _aWA N
_cBPK
041 0 _apol
080 _a1(091)
100 1 _aTatarkiewicz, Władysław
_d(1886-1980)
_eAutor
245 1 0 _aHistoria filozofii.
_nT. 3,
_pFilozofia XIX wieku i współczesna /
_cWładysław Tatarkiewicz.
246 3 0 _aFilozofia XIX wieku i współczesna
250 _aWyd. 16.
260 _aWarszawa :
_bWydaw. Naukowe PWN,
_c2002.
300 _a544, [3] s., [44] s. tabl. :
_bil. ;
_c24 cm.
504 _aBibliogr. Indeks.
650 4 _aFilozofia
_xhistoria
_y19-20 w.
648 4 _a1801-1900
648 4 _a1901-2000
710 2 _aWydawnictwo Naukowe PWN
_4pbl.
856 _uhttp://koha.tu.koszalin.pl/cgi-bin/koha/opac-detail.pl?biblionumber=41915
_yKatalog online BPK
942 _2UKD
_cKS
999 _c41915
_d41915